[Event "Scarborough CC ch reserves"]
[Site "Toronto CAN"]
[Date "2008.01.31"]
[Round "5"]
[White "Bellomo, Joe"]
[Black "Villalobos, Oscar"]
[Result "0-1"]
[Annotator "Armstrong, Robert"]
[WhiteElo "1723"]
[BlackElo "1932"]
[PlyCount "115"]
[GameId "2160767910557624"]
[EventDate "2008.01.03"]
[EventType "swiss"]
[EventRounds "10"]
[EventCountry "CAN"]

1. e4 c5 2. Nc3 d6 3. Nf3 Nf6 4. Bc4 e6 5. d3 a6 6. a3 Nc6 7. O-O Be7 8. Ba2 b5 9. Re1 O-O 10. e5 dxe5 11. Nxe5 Bb7 12. Ng4 Nd4 13. Nxf6+ Bxf6 14. Ne4 Be7 15. c3 Nf5 16. Bf4 Qd7 17. Qe2 Nh4 18. Bg3 Nxg2 19. Kxg2 f5 20. Rad1 fxe4 21. dxe4 Qc6 22. Qg4 Rf6 23. Kg1 c4 24. Bb1 Bc5 25. Re2 Raf8 26. Red2 Qb6 27. Qh4 Qc6 28. Qg4 e5 29. Qd7 Qb6 30. Bxe5 R6f7 31. Qg4 Bc8 32. Qg3 Re8 33. Bd4 Bxd4 34. Rxd4 Qh6 35. Qe3 Qh5 36. R4d2 Rf3 37. Qe1 Rh3 38. Rd5 Qg4+ 39. Kh1 Qf3+ 40. Kg1 Rh4 41. Rg5 Qh3 42. Rg2 Bg4 43. Qe3 Bf3 44. Rxg7+ Kxg7 45. Qg5+ Kf7 46. Qd5+ Re6 47. Qd7+ Kg6 48. e5+ Kh5 49. Qxh7+ Kg5 50. Qg7+ Kh5 51. Qh7+ Kg5 52. Qg7+ Kh5 53. Qh7+ Kg5 54. Qg7+ Kh5 55. Qh7+ Kg5 56. Qg7+ Kh5 57. Qh7+ Kg5 58. Qg7+ 0-1

[Event "Scarborough CC ch reserves"]
[Site "Toronto CAN"]
[Date "2008.01.31"]
[Round "5"]
[White "Manalo, Pepin"]
[Black "Gillis, Doug"]
[Result "1-0"]
[Annotator "Armstrong, Robert"]
[WhiteElo "1813"]
[BlackElo "1536"]
[PlyCount "101"]
[GameId "2160767910557625"]
[EventDate "2008.01.03"]
[EventType "swiss"]
[EventRounds "10"]
[EventCountry "CAN"]

1. e4 e6 2. d4 d5 3. e5 c5 4. c3 Qb6 5. Nf3 Bd7 6. Bd3 Bb5 7. Bxb5+ Qxb5 8. Na3 Qa6 9. Nc2 Nc6 10. Be3 cxd4 11. Ncxd4 Nge7 12. Ng5 Nxe5 13. Qb3 h6 14. Ngf3 Nxf3+ 15. Nxf3 Nc6 16. O-O-O Be7 17. Rhe1 O-O 18. h4 Rfd8 19. Kb1 b5 20. g4 b4 21. g5 hxg5 22. Bxg5 bxc3 23. Bxe7 Nxe7 24. Qxc3 Rac8 25. Qe5 Qd6 26. Qg5 Nf5 27. h5 Qe7 28. Qxf5 Qf6 29. Qxf6 gxf6 30. Rc1 Kh7 31. Rxc8 Rxc8 32. Rh1 Rc4 33. Nd2 Rf4 34. f3 Kh6 35. Kc2 a5 36. Kd3 e5 37. Ke3 Rb4 38. b3 a4 39. Kd3 axb3 40. axb3 Rd4+ 41. Kc3 Rf4 42. b4 e4 43. fxe4 dxe4 44. b5 e3 45. Nc4 e2 46. Re1 Re4 47. b6 f5 48. Kd3 Kxh5 49. b7 Re8 50. Nd6 Rd8 51. Kxe2 1-0

[Event "Scarborough CC ch reserves"]
[Site "Toronto CAN"]
[Date "2008.01.31"]
[Round "5"]
[White "Muir, Tom"]
[Black "Prabhudesai, Aniket"]
[Result "1-0"]
[WhiteElo "1672"]
[BlackElo "1082"]
[PlyCount "75"]
[GameId "2160767910557626"]
[EventDate "2008.01.03"]
[EventType "swiss"]
[EventRounds "10"]
[EventCountry "CAN"]
[SourceTitle "EXT 2011"]
[Source "ChessBase"]
[SourceDate "2011.11.26"]
[SourceVersion "1"]
[SourceVersionDate "2011.11.26"]
[SourceQuality "1"]

1. d4 e6 2. e4 Nf6 3. Bd3 Be7 4. c4 O-O 5. Nc3 Nc6 6. Nf3 b6 7. a3 d6 8. O-O e5 9. d5 Nd4 10. Nxd4 exd4 11. Ne2 Bg4 12. f3 Bh5 13. Nxd4 Qc8 14. Nc6 Qd7 15. Nxe7+ Qxe7 16. Bg5 Qe5 17. Qd2 Qd4+ 18. Be3 Qe5 19. Bd4 Qe7 20. Qg5 Bg6 21. Bxf6 gxf6 22. Qh6 Qe5 23. Qd2 Qd4+ 24. Kh1 a6 25. Rf2 b5 26. cxb5 axb5 27. Bxb5 Rab8 28. Qxd4 Rxb5 29. b4 Rfb8 30. Rc2 c5 31. dxc6 Re8 32. Qxf6 Re6 33. Qd8+ Kg7 34. c7 f6 35. c8=Q Re8 36. Qcd7+ Kg8 37. Qxf6 Rf8 38. Qdg7# 1-0

[Event "Scarborough CC ch reserves"]
[Site "Toronto CAN"]
[Date "2008.01.31"]
[Round "5"]
[White "Paterson, Jim"]
[Black "Karpik, Steve"]
[Result "1-0"]
[WhiteElo "1821"]
[BlackElo "1585"]
[PlyCount "45"]
[GameId "2160767910557627"]
[EventDate "2008.01.03"]
[EventType "swiss"]
[EventRounds "10"]
[EventCountry "CAN"]
[SourceTitle "EXT 2011"]
[Source "ChessBase"]
[SourceDate "2011.11.26"]
[SourceVersion "1"]
[SourceVersionDate "2011.11.26"]
[SourceQuality "1"]

1. b4 Nf6 2. Bb2 g6 3. Nf3 Bg7 4. c4 O-O 5. g3 a6 6. Bg2 Nc6 7. a3 Re8 8. O-O d6 9. d3 Bd7 10. Nbd2 Qc8 11. Re1 e5 12. Ng5 Bh6 13. Nde4 Qd8 14. e3 Nh5 15. g4 Bxg4 16. Qxg4 f5 17. Qh4 fxe4 18. f4 exf4 19. exf4 Bxg5 20. fxg5 exd3 21. Bd5+ Kf8 22. Rf1+ Ke7 23. Rf7# 1-0

[Event "Scarborough CC ch reserves"]
[Site "Toronto CAN"]
[Date "2008.01.31"]
[Round "5"]
[White "Seedhouse, Jeff"]
[Black "Philip, Andrew"]
[Result "1-0"]
[WhiteElo "1562"]
[BlackElo "1636"]
[PlyCount "86"]
[GameId "2160767910557628"]
[EventDate "2008.01.03"]
[EventType "swiss"]
[EventRounds "10"]
[EventCountry "CAN"]
[SourceTitle "EXT 2011"]
[Source "ChessBase"]
[SourceDate "2011.11.26"]
[SourceVersion "1"]
[SourceVersionDate "2011.11.26"]
[SourceQuality "1"]

1. e4 d5 2. exd5 Qxd5 3. Nc3 Qa5 4. d4 Nf6 5. Bd2 c6 6. Nf3 Bf5 7. Be2 e6 8. O-O Bb4 9. a3 Bxc3 10. Bxc3 Qc7 11. Ne5 Nbd7 12. Bd3 Nxe5 13. dxe5 Ne4 14. Bxe4 Bxe4 15. Qe2 Bg6 16. Rad1 Ke7 17. Rd6 Rhd8 18. Rfd1 Ke8 19. Qd2 h6 20. Bb4 b6 21. c4 c5 22. Bc3 Be4 23. Qf4 Bc2 24. R1d2 Ba4 25. Qg4 Kf8 26. Qh4 Ke8 27. g4 Qe7 28. Qxe7+ Kxe7 29. f4 Bb3 30. f5 Bxc4 31. Kf2 Bd5 32. Rxd8 Rxd8 33. Ke3 exf5 34. gxf5 Rd7 35. h4 g6 36. fxg6 fxg6 37. Rf2 Be6 38. Rf6 Bf5 39. h5 Bc2 40. hxg6 Rd3+ 41. Kf4 Rd1 42. g7 Rg1 43. Rxh6 Rxg7 1-0

[Event "Scarborough CC ch reserves"]
[Site "Toronto CAN"]
[Date "2008.01.31"]
[Round "5"]
[White "Smith, Maurice"]
[Black "Buzila, Georghe"]
[Result "1/2-1/2"]
[WhiteElo "1544"]
[BlackElo "1766"]
[PlyCount "66"]
[GameId "2160767910557629"]
[EventDate "2008.01.03"]
[EventType "swiss"]
[EventRounds "10"]
[EventCountry "CAN"]
[SourceTitle "EXT 2011"]
[Source "ChessBase"]
[SourceDate "2011.11.26"]
[SourceVersion "1"]
[SourceVersionDate "2011.11.26"]
[SourceQuality "1"]

1. d4 Nf6 2. c4 g6 3. Nc3 d5 4. Nf3 e6 5. Bg5 Bg7 6. e3 c6 7. Bd3 Nbd7 8. O-O O-O 9. Rc1 Qe8 10. Re1 h6 11. Bf4 Qd8 12. Bd6 Re8 13. Ba3 dxc4 14. Bxc4 Nb6 15. Bd3 Nbd5 16. Qc2 Nxc3 17. bxc3 Nd5 18. Ne5 Bxe5 19. dxe5 Kg7 20. Red1 Qg5 21. c4 Ne7 22. f4 Qg4 23. Be2 Qf5 24. g4 Qxc2 25. Rxc2 b6 26. Rd6 Ba6 27. Rd7 c5 28. Rcd2 Kf8 29. Bb2 Nc8 30. a4 Re7 31. Rd8+ Re8 32. R8d7 Re7 33. Rd8+ Re8 1/2-1/2

[Event "Scarborough CC ch reserves"]
[Site "Toronto CAN"]
[Date "2008.01.31"]
[Round "5"]
[White "Song, Michael"]
[Black "Verde, Pino"]
[Result "1/2-1/2"]
[Annotator "Armstrong, Robert"]
[WhiteElo "1331"]
[BlackElo "1677"]
[PlyCount "81"]
[GameId "2160767910557630"]
[EventDate "2008.01.03"]
[EventType "swiss"]
[EventRounds "10"]
[EventCountry "CAN"]

1. e4 b6 2. d4 Bb7 3. Nc3 g6 4. Nf3 Bg7 5. Bd3 d6 6. O-O Nd7 7. Be3 e6 8. Qd2 h6 9. Qe2 a6 10. a4 Ne7 11. Rad1 Nf6 12. e5 Nfd5 13. Nxd5 Nxd5 14. Be4 Rb8 15. Bxd5 Bxd5 16. exd6 cxd6 17. Qxa6 O-O 18. Qe2 g5 19. c4 Bc6 20. b3 g4 21. Ne1 f5 22. d5 exd5 23. cxd5 Bd7 24. f4 Re8 25. Qf2 b5 26. Bd4 Bxd4 27. Rxd4 bxa4 28. bxa4 h5 29. g3 Qe7 30. Nd3 Qe2 31. Qxe2 Rxe2 32. Rc1 Ra8 33. Rb4 Rd2 34. Rb7 Bxa4 35. Nb4 Be8 36. Nc6 Kf8 37. Ne7 Raa2 38. Nxf5 Rg2+ 39. Kh1 Rxh2+ 40. Kg1 Rag2+ 41. Kf1 1/2-1/2

[Event "Scarborough CC ch reserves"]
[Site "Toronto CAN"]
[Date "2008.01.31"]
[Round "5"]
[White "Wu, Aaron"]
[Black "Roe, Jim"]
[Result "1-0"]
[WhiteElo "1724"]
[BlackElo "1603"]
[PlyCount "33"]
[GameId "2160767910557631"]
[EventDate "2008.01.03"]
[EventType "swiss"]
[EventRounds "10"]
[EventCountry "CAN"]
[SourceTitle "EXT 2011"]
[Source "ChessBase"]
[SourceDate "2011.11.26"]
[SourceVersion "1"]
[SourceVersionDate "2011.11.26"]
[SourceQuality "1"]

1. e4 e6 2. d4 d5 3. Nd2 Nf6 4. e5 Nfd7 5. Bd3 c5 6. c3 cxd4 7. cxd4 Nc6 8. Ne2 Be7 9. Nf3 O-O 10. Nf4 Nb6 11. h4 f5 12. exf6 gxf6 13. Bxh7+ Kxh7 14. Ng5+ fxg5 15. Qh5+ Kg8 16. Qg6+ Kh8 17. hxg5# 1-0

[Event "Scarborough CC ch reserves"]
[Site "Toronto CAN"]
[Date "2008.02.07"]
[Round "6"]
[White "Azmitia, Gabriel"]
[Black "Song, Michael"]
[Result "1-0"]
[Annotator "Armstrong, Robert"]
[WhiteElo "1541"]
[BlackElo "1331"]
[PlyCount "85"]
[GameId "2160767910557632"]
[EventDate "2008.01.03"]
[EventType "swiss"]
[EventRounds "10"]
[EventCountry "CAN"]

1. d4 d5 2. c4 e6 3. Nf3 Nf6 4. Bg5 Bb4+ 5. Nc3 O-O 6. e3 h6 7. Bh4 b6 8. Bd3 Ba6 9. Nd2 Nc6 10. a3 Bxc3 11. bxc3 dxc4 12. Bxc4 Bxc4 13. Nxc4 b5 14. Bxf6 Qxf6 15. Nd2 e5 16. d5 Ne7 17. e4 Ng6 18. g3 c6 19. c4 bxc4 20. Nxc4 Rac8 21. d6 Qe6 22. Qd3 f5 23. f3 fxe4 24. Qxe4 Qd5 25. Rd1 Qxe4+ 26. fxe4 Rfd8 27. Rf1 Rd7 28. Rf5 Rcd8 29. h4 Rf8 30. h5 Ne7 31. Rxe5 Nc8 32. Re6 Rfd8 33. e5 Kf7 34. Rg6 Ne7 35. e6+ Kg8 36. exd7 Nxg6 37. hxg6 Rxd7 38. Ne5 h5 39. Nxd7 h4 40. gxh4 a5 41. Nb8 a4 42. d7 c5 43. d8=Q# 1-0

[Event "Scarborough CC ch reserves"]
[Site "Toronto CAN"]
[Date "2008.02.07"]
[Round "6"]
[White "Buzila, Georghe"]
[Black "Jizan, Masoud"]
[Result "0-1"]
[Annotator "Armstrong, Robert"]
[WhiteElo "1766"]
[BlackElo "1622"]
[PlyCount "102"]
[GameId "2160767910557633"]
[EventDate "2008.01.03"]
[EventType "swiss"]
[EventRounds "10"]
[EventCountry "CAN"]

1. c4 e5 2. Nc3 Nf6 3. g3 Bc5 4. Bg2 c6 5. e3 d6 6. Nge2 Bf5 7. d4 Bb6 8. dxe5 dxe5 9. Qxd8+ Bxd8 10. e4 Be6 11. b3 Ba5 12. Ba3 Na6 13. O-O Nb4 14. Bxb4 Bxb4 15. a3 Bc5 16. b4 Bd4 17. c5 Bc4 18. Rac1 Bxc3 19. Nxc3 Bxf1 20. Kxf1 Rd8 21. Ke2 Ke7 22. f4 exf4 23. gxf4 Rd4 24. e5 Nh5 25. Ke3 Rxf4 26. Bf3 Rh4 27. Rc2 Rd8 28. Ne4 Rd5 29. Rf2 Rxe5 30. Kd2 Rhxe4 31. Bxe4 Rxe4 32. Kd3 Rh4 33. Kc3 Nf6 34. Re2+ Ne4+ 35. Kd4 f5 36. a4 Kf6 37. Kd3 Rh3+ 38. Kd4 Ra3 39. a5 Rh3 40. Rb2 Ng5 41. Kc4 Rh4+ 42. Kd3 Ne4 43. Ra2 a6 44. Rb2 Ke5 45. Re2 Kd5 46. Rc2 g5 47. Rg2 Rh3+ 48. Kc2 f4 49. Re2 f3 50. Re3 Rxh2+ 51. Kb3 f2 0-1

[Event "Scarborough CC ch reserves"]
[Site "Toronto CAN"]
[Date "2008.02.07"]
[Round "6"]
[White "Dattani, Dinesh"]
[Black "Prabhudesai, Aniket"]
[Result "1-0"]
[Annotator "Armstrong, Robert"]
[WhiteElo "1386"]
[BlackElo "1082"]
[PlyCount "39"]
[GameId "2160767910557634"]
[EventDate "2008.01.03"]
[EventType "swiss"]
[EventRounds "10"]
[EventCountry "CAN"]

1. d4 e6 2. e4 Ne7 3. Nf3 g6 4. Nc3 Bg7 5. Bc4 O-O 6. Bg5 c6 7. O-O d5 8. exd5 exd5 9. Bb3 Qd7 10. Re1 Nf5 11. Re2 b6 12. Qd2 Ba6 13. Ree1 c5 14. dxc5 bxc5 15. Nxd5 Nc6 16. Nf6+ Bxf6 17. Qxd7 Rfd8 18. Qxf7+ Kh8 19. Bxf6+ Ng7 20. Qxg7# 1-0

[Event "Scarborough CC ch reserves"]
[Site "Toronto CAN"]
[Date "2008.02.07"]
[Round "6"]
[White "Karpik, Steve"]
[Black "Samaroo, Muneshwar"]
[Result "1-0"]
[Annotator "Armstrong, Robert"]
[WhiteElo "1585"]
[BlackElo "1590"]
[PlyCount "131"]
[GameId "2160767910557635"]
[EventDate "2008.01.03"]
[EventType "swiss"]
[EventRounds "10"]
[EventCountry "CAN"]

1. Nf3 Nf6 2. g3 d5 3. c4 e6 4. Bg2 c5 5. b3 Nc6 6. Bb2 d4 7. O-O Bd6 8. d3 Rb8 9. Na3 a6 10. Nc2 O-O 11. e4 e5 12. Bc1 Ne8 13. Nh4 g6 14. Bd2 f5 15. exf5 Bxf5 16. Nxf5 Rxf5 17. Be4 Rf7 18. Bd5 Qc7 19. Qf3 Kg7 20. Bxf7 Qxf7 21. Qxf7+ Kxf7 22. a3 Kg7 23. Rab1 Nf6 24. b4 Nd7 25. b5 axb5 26. Rxb5 b6 27. Rfb1 Bc7 28. a4 Kf7 29. Ra1 Na7 30. Rb3 Nc6 31. Na3 Ke6 32. f3 Bd8 33. Nb5 g5 34. Re1 h6 35. f4 Rc8 36. fxe5 Ncxe5 37. Ra3 Ra8 38. h4 Kf6 39. hxg5+ hxg5 40. Rf1+ Kg6 41. Nd6 Bc7 42. Ne4 Bd8 43. Kg2 g4 44. Nf2 Nf3 45. Bf4 Nfe5 46. Re1 Kf5 47. Rh1 Nf6 48. Rh8 Ng6 49. Rh6 Nxf4+ 50. gxf4 Bc7 51. Ra1 Bxf4 52. Rh4 Re8 53. a5 bxa5 54. Rxa5 Bd6 55. Ra6 Re6 56. Rh6 Be7 57. Rxe6 Kxe6 58. Nxg4 Kf5 59. Nxf6 Bxf6 60. Kf3 Be7 61. Rh5+ Ke6 62. Ke4 Bf8 63. Re5+ Kd6 64. Kf4 Kc6 65. Re6+ Kd7 66. Ke5 1-0

[Event "Scarborough CC ch reserves"]
[Site "Toronto CAN"]
[Date "2008.02.07"]
[Round "6"]
[White "Manalo, Pepin"]
[Black "Xia, Linda"]
[Result "1-0"]
[Annotator "Armstrong, Robert"]
[WhiteElo "1813"]
[BlackElo "1376"]
[PlyCount "58"]
[GameId "2160767910557636"]
[EventDate "2008.01.03"]
[EventType "swiss"]
[EventRounds "10"]
[EventCountry "CAN"]

1. e4 e5 2. Bc4 Nf6 3. d3 Be7 4. Nc3 c6 5. Nf3 O-O 6. Nxe5 Bb4 7. O-O d6 8. Nf3 Nbd7 9. Bg5 h6 10. Bd2 Nb6 11. Bb3 Re8 12. a3 Bxc3 13. Bxc3 Be6 14. Bxe6 Rxe6 15. Nd4 Re8 16. Nf5 Nbd7 17. Re1 Re6 18. Re3 Nf8 19. Rg3 Ng6 20. h4 h5 21. Qf3 Ne8 22. Qxh5 Nf6 23. Qe2 d5 24. h5 Nf4 25. Rxg7+ Kf8 26. Qe3 N6xh5 27. Bb4+ Ke8 28. Rg8+ Kd7 29. Rxd8+ Kxd8 1-0

[Event "Scarborough CC ch reserves"]
[Site "Toronto CAN"]
[Date "2008.02.07"]
[Round "6"]
[White "Perez, Michael"]
[Black "Paterson, Jim"]
[Result "0-1"]
[Annotator "Armstrong, Robert"]
[WhiteElo "1728"]
[BlackElo "1821"]
[PlyCount "74"]
[GameId "2160767910557637"]
[EventDate "2008.01.03"]
[EventType "swiss"]
[EventRounds "10"]
[EventCountry "CAN"]

1. e4 e5 2. d4 exd4 3. Bc4 Nc6 4. Nf3 Be7 5. c3 Nf6 6. e5 Ng4 7. cxd4 d5 8. Bd3 h5 9. h3 Nh6 10. a3 Nf5 11. Be3 Nxe3 12. fxe3 Bh4+ 13. Ke2 Be7 14. Nc3 Be6 15. Qc2 Qd7 16. b4 a6 17. Na4 g6 18. Rac1 Bf5 19. Bxf5 Qxf5 20. Qxf5 gxf5 21. Nc5 Nd8 22. Rhf1 Rg8 23. Kf2 b6 24. Nd3 Ne6 25. h4 a5 26. b5 Bxa3 27. Rc6 Kd7 28. Nf4 Nxf4 29. exf4 Be7 30. e6+ fxe6 31. Re1 Bd6 32. Ne5+ Bxe5 33. fxe5 Rg4 34. Rec1 Ra7 35. Rd1 a4 36. Rcc1 a3 37. Rd2 Rxh4 0-1

[Event "Scarborough CC ch reserves"]
[Site "Toronto CAN"]
[Date "2008.02.07"]
[Round "6"]
[White "Seedhouse, Jeff"]
[Black "Bellomo, Joe"]
[Result "1/2-1/2"]
[WhiteElo "1562"]
[BlackElo "1723"]
[PlyCount "111"]
[GameId "2160767910557638"]
[EventDate "2008.01.03"]
[EventType "swiss"]
[EventRounds "10"]
[EventCountry "CAN"]
[SourceTitle "EXT 2011"]
[Source "ChessBase"]
[SourceDate "2011.11.26"]
[SourceVersion "1"]
[SourceVersionDate "2011.11.26"]
[SourceQuality "1"]

1. e4 c5 2. Nf3 d6 3. Bb5+ Bd7 4. Bxd7+ Nxd7 5. O-O Ngf6 6. Re1 e6 7. c3 Be7 8. d4 cxd4 9. cxd4 O-O 10. Qb3 Nb6 11. Nc3 Rc8 12. Bg5 h6 13. Bxf6 Bxf6 14. e5 Be7 15. Rac1 d5 16. Na4 Nxa4 17. Qxa4 a6 18. Qb3 b5 19. a3 Qa5 20. g3 Rc4 21. Qd1 Rfc8 22. Rxc4 Rxc4 23. Qd3 Qc7 24. Re2 Rc1+ 25. Kg2 Qc4 26. Qxc4 Rxc4 27. Kf1 Bd8 28. Rd2 Kf8 29. Ke2 Ba5 30. b4 Bb6 31. Kd3 Ke8 32. Rc2 Kd7 33. Rxc4 bxc4+ 34. Kc3 Kc6 35. a4 Kd7 36. Ne1 f6 37. f4 fxe5 38. fxe5 Ke8 39. Nc2 Kf7 40. Kd2 Kg6 41. Ke3 Kf5 42. Kf3 g5 43. g4+ Kg6 44. h3 Kf7 45. Ke3 Ke7 46. Kd2 Kd7 47. Kc3 Bc7 48. Kd2 Kc6 49. Kc3 Kb7 50. Kb2 Bd8 51. Kc3 Kc6 52. Kd2 Be7 53. Ke2 Bf8 54. Kd1 Kd7 55. Kc1 Be7 56. Kb2 1/2-1/2

[Event "Scarborough CC ch reserves"]
[Site "Toronto CAN"]
[Date "2008.02.07"]
[Round "6"]
[White "Verde, Pino"]
[Black "Ward, Dean"]
[Result "1-0"]
[Annotator "Armstrong, Robert"]
[WhiteElo "1677"]
[BlackElo "1578"]
[PlyCount "57"]
[GameId "2160767910557639"]
[EventDate "2008.01.03"]
[EventType "swiss"]
[EventRounds "10"]
[EventCountry "CAN"]

1. Nf3 d5 2. Nc3 Nf6 3. e3 Bg4 4. Be2 e6 5. h3 Bh5 6. g4 Bg6 7. Ne5 Nbd7 8. Nxg6 hxg6 9. d4 Bb4 10. Bd2 Bxc3 11. Bxc3 Ne4 12. Bb4 Qh4 13. Rf1 Qxh3 14. Qd3 O-O-O 15. O-O-O Qg2 16. Qa3 Kb8 17. Qa4 Nb6 18. Qb3 Nxf2 19. Rg1 Qe4 20. Rdf1 Rh2 21. Be1 Nh3 22. Bf3 Nxg1 23. Bxe4 Ne2+ 24. Kd1 dxe4 25. Rxf7 Nxd4 26. exd4 Rxd4+ 27. Kc1 a6 28. Qg3 Re2 29. Qxc7+ 1-0

[Event "Scarborough CC ch reserves"]
[Site "Toronto CAN"]
[Date "2008.02.07"]
[Round "6"]
[White "Wu, Kevin"]
[Black "Wu, Aaron"]
[Result "1-0"]
[WhiteElo "1674"]
[BlackElo "1724"]
[PlyCount "59"]
[GameId "2160767910557640"]
[EventDate "2008.01.03"]
[EventType "swiss"]
[EventRounds "10"]
[EventCountry "CAN"]
[SourceTitle "EXT 2011"]
[Source "ChessBase"]
[SourceDate "2011.11.26"]
[SourceVersion "1"]
[SourceVersionDate "2011.11.26"]
[SourceQuality "1"]

1. e4 c5 2. Nf3 g6 3. d4 cxd4 4. Nxd4 Bg7 5. Nc3 Nc6 6. Be3 d6 7. Bc4 Nf6 8. f3 O-O 9. Qd2 Bd7 10. O-O-O Ne5 11. Bb3 Qa5 12. Kb1 Rfc8 13. h4 Nc4 14. Bxc4 Rxc4 15. Nb3 Qc7 16. g4 Rc8 17. h5 b5 18. hxg6 fxg6 19. e5 Nxg4 20. fxg4 Bxg4 21. Rdf1 Bxe5 22. Bd4 Bxd4 23. Nxd4 a6 24. Ne6 Bxe6 25. Qh6 Bf5 26. Qxh7+ Kf8 27. Qxg6 e5 28. Rxf5+ Ke7 29. Rh7+ Kd8 30. Rf8# 1-0

[Event "Scarborough CC ch reserves"]
[Site "Toronto CAN"]
[Date "2008.02.07"]
[Round "6"]
[White "Yuan, Yuanling"]
[Black "Garel, Rick"]
[Result "1-0"]
[Annotator "Armstrong, Robert"]
[WhiteElo "2194"]
[BlackElo "1878"]
[PlyCount "81"]
[GameId "2160767910557641"]
[EventDate "2008.01.03"]
[EventType "swiss"]
[EventRounds "10"]
[EventCountry "CAN"]

1. e4 c5 2. Nf3 d6 3. d4 cxd4 4. Nxd4 Nf6 5. Nc3 a6 6. Be3 e6 7. f3 Be7 8. Qd2 O-O 9. O-O-O Qc7 10. g4 b5 11. g5 b4 12. Nce2 Nfd7 13. Kb1 Nc5 14. h4 Nbd7 15. Nc1 Rb8 16. Qg2 Na4 17. Bd3 Ndc5 18. Nce2 Nxd3 19. Rxd3 Nc5 20. Rdd1 a5 21. h5 g6 22. Qh2 Bd8 23. Nc6 Rb7 24. Rxd6 Na4 25. Bf4 Nc3+ 26. Nxc3 bxc3 27. b3 a4 28. Rxe6 Bxe6 29. Bxc7 Bxc7 30. Ne7+ Kh8 31. Qh4 axb3 32. cxb3 Bd6 33. hxg6 c2+ 34. Kxc2 Rc7+ 35. Kb1 Rc1+ 36. Kxc1 Rc8+ 37. Nxc8 Ba3+ 38. Kb1 h5 39. Qxh5+ Kg7 40. Qh6+ Kg8 41. Qh8# 1-0

[Event "Scarborough CC ch reserves"]
[Site "Toronto CAN"]
[Date "2008.02.14"]
[Round "7"]
[White "Kurkowski, Ken"]
[Black "Xia, Linda"]
[Result "1-0"]
[WhiteElo "1644"]
[BlackElo "1376"]
[PlyCount "27"]
[GameId "2160767910557642"]
[EventDate "2008.01.03"]
[EventType "swiss"]
[EventRounds "10"]
[EventCountry "CAN"]
[SourceTitle "EXT 2011"]
[Source "ChessBase"]
[SourceDate "2011.11.26"]
[SourceVersion "1"]
[SourceVersionDate "2011.11.26"]
[SourceQuality "1"]

1. e4 e5 2. Nf3 Nf6 3. Nxe5 Qe7 4. Nf3 Qxe4+ 5. Be2 Bc5 6. O-O O-O 7. Nc3 Qg6 8. d4 Bb6 9. Nh4 Ne4 10. Nxg6 Nxc3 11. Ne7+ Kh8 12. bxc3 Nc6 13. Nxc8 Raxc8 14. Bd3 1-0

[Event "Scarborough CC ch reserves"]
[Site "Toronto CAN"]
[Date "2008.02.14"]
[Round "7"]
[White "Moran-Venegas, Mario"]
[Black "Gillis, Doug"]
[Result "1-0"]
[WhiteElo "1762"]
[BlackElo "1536"]
[PlyCount "37"]
[GameId "2160767910557643"]
[EventDate "2008.01.03"]
[EventType "swiss"]
[EventRounds "10"]
[EventCountry "CAN"]
[SourceTitle "EXT 2011"]
[Source "ChessBase"]
[SourceDate "2011.11.26"]
[SourceVersion "1"]
[SourceVersionDate "2011.11.26"]
[SourceQuality "1"]

1. e4 e6 2. d4 d5 3. Nc3 dxe4 4. Nxe4 Qd5 5. Bd3 Nf6 6. Nxf6+ gxf6 7. Nf3 Rg8 8. O-O Nc6 9. Re1 Bd7 10. Bxh7 Rg7 11. Be4 Qh5 12. d5 Ne5 13. dxe6 Bxe6 14. Nxe5 Qxd1 15. Rxd1 fxe5 16. Bxb7 Rb8 17. Bc6+ Ke7 18. b3 Rb6 19. Ba3+ 1-0

[Event "Scarborough CC ch reserves"]
[Site "Toronto CAN"]
[Date "2008.02.14"]
[Round "7"]
[White "Paterson, Jim"]
[Black "Wu, Kevin"]
[Result "0-1"]
[WhiteElo "1821"]
[BlackElo "1674"]
[PlyCount "92"]
[GameId "2160767910557644"]
[EventDate "2008.01.03"]
[EventType "swiss"]
[EventRounds "10"]
[EventCountry "CAN"]
[SourceTitle "EXT 2011"]
[Source "ChessBase"]
[SourceDate "2011.11.26"]
[SourceVersion "1"]
[SourceVersionDate "2011.11.26"]
[SourceQuality "1"]

1. e3 Nf6 2. f4 d6 3. Nf3 c5 4. c3 Nc6 5. d4 b6 6. Bb5 Bd7 7. O-O g6 8. Nbd2 Bg7 9. Qe1 a6 10. Bd3 O-O 11. Ng5 b5 12. Qh4 c4 13. Bc2 e6 14. Nde4 h6 15. Nxf7 Rxf7 16. Nxd6 Rf8 17. Bxg6 Qe7 18. Ne4 Nd5 19. Qh5 Nf6 20. Nxf6+ Qxf6 21. Bd2 Be8 22. Bxe8 Raxe8 23. Qf3 Nb8 24. a4 Rf7 25. axb5 axb5 26. Ra5 Qg6 27. Rxb5 Kh8 28. Ra1 Nd7 29. Be1 Rg8 30. Ra8 Rxa8 31. Qxa8+ Kh7 32. Qf3 e5 33. Qg3 Qd3 34. Rb7 exf4 35. exf4 Qe4 36. Rc7 Re7 37. Rxc4 Qe2 38. Rc6 Nf6 39. h3 Qxe1+ 40. Qxe1 Rxe1+ 41. Kf2 Rb1 42. Rb6 Nd5 43. Rb3 Nxc3 44. Rxc3 Bxd4+ 45. Ke2 Rxb2+ 46. Kd3 Bxc3 0-1

[Event "Scarborough CC ch reserves"]
[Site "Toronto CAN"]
[Date "2008.02.14"]
[Round "7"]
[White "Prabhudesai, Aniket"]
[Black "Samaroo, Muneshwar"]
[Result "0-1"]
[WhiteElo "1082"]
[BlackElo "1590"]
[PlyCount "52"]
[GameId "2160767910557645"]
[EventDate "2008.01.03"]
[EventType "swiss"]
[EventRounds "10"]
[EventCountry "CAN"]
[SourceTitle "EXT 2011"]
[Source "ChessBase"]
[SourceDate "2011.11.26"]
[SourceVersion "1"]
[SourceVersionDate "2011.11.26"]
[SourceQuality "1"]

1. g3 Nf6 2. Bg2 d5 3. Nf3 c5 4. O-O e6 5. Nc3 Be7 6. d3 Nc6 7. a3 O-O 8. Bh6 gxh6 9. Qc1 Kh8 10. Nh4 Ng8 11. Qxh6 Nxh6 12. Rfd1 Bxh4 13. e4 d4 14. Ne2 Bf6 15. c3 e5 16. b4 b6 17. Nc1 dxc3 18. bxc5 bxc5 19. Nb3 Na5 20. Nxc5 c2 21. Rd2 Qd4 22. Ra2 c1=Q+ 23. Bf1 Qxd2 24. Bg2 Qe1+ 25. Bf1 Bh3 26. Kh1 Qxf1# 0-1